| 000 | 00396cam a22001097a 4500 | ||
|---|---|---|---|
| 008 | 180718b xxu||||| |||| 00| 0 eng d | ||
| 082 | _aN35x42 Un3 | ||
| 245 |
_aReport of the departmental committee on detective work and procedure _cby His Majesty's Stationery Office |
||
| 260 |
_aLondon _bHis Majesty's Stationery Office _c |
||
| 500 | _aLibrary has 5 Volumes | ||
| 700 | _aHis Majesty's Stationery Offic | ||
| 999 |
_c411077 _d411077 |
||